Les prinicipes philosophiques de droit politique

Detalles Bibliográficos
Autor principal: Nakbi, Nabil
Formato: eBook
Publicado: Pars̕: Éditions Universitaires Europěnes, 2019
Materias:
Acceso en línea:Acceso restringido

MARC

LEADER 00000nam a22000007a 4500
005 20191003220045.0
007 cr|||| ||||
008 191003s2019 fr |||||s|||| 00||0 fra d
020 |a 9786138453482 
035 |a 29137 
040 |a vLex 
090 |c 9695  |d 9695 
100 1 |a Nakbi, Nabil 
245 1 3 |a Les prinicipes philosophiques de droit politique  |h [Recurso electrn̤ico] /  |c Nabil Nakbi 
256 |a Servicio en ln̕ea 
260 |a Pars̕:  |b Éditions Universitaires Europěnes,  |c 2019 
300 |a 1 recurso electrn̤ico 
500 |a Je vais montrer dans cet ouvrage que les principes politiques doivent t̊re appliquš ̉tous les gouvernements et les institutions politiques dans le but de rǎliser la dm̌ocratie libřale. Elle exprime que le peuple est souverain, et que cette souverainet ̌repose sur trois piliers: la libert,̌ l’ǧalit,̌ la justice, mais pour que cette souverainet ̌remplisse sa mission, elle ne doit accomplir qu’un seul but: l’intřt̊ gňřal, fondement d’une organisation dm̌ocratique, pour y parvenir, elle doit renoncer ̉l’intřt̊ particulier au profit de l’intřt̊ gňřal, ce qui va v̌iter toute sorte de guerre, que ce soit des manifestations ou de coup d’Etat. Pour garantir la libert ̌civile du peuple, et organiser la vie collective, L’Etat doit veiller ̉ťablir des lois, et de les appliquer, ce qui va ršulter finalement une bonne gouvernance. 
506 1 |a Disponible solo en los productos indicados  |d vLex Global  |d vLex Global (Academic Edition, excluding Law Schools)  |d vLex Global (U.S. Academic Edition, Law Schools)  |d vLex Global (U.S. Academic Edition, excluding Law Schools)  |d vLex Global (Academic Edition, Law Schools) 
650 0 4 |a Derecho Pb︢lico y Administrativo  |z Francia 
740 0 |a vLex Libros (Servicio en ln̕ea) 
856 4 0 |u http://vlex.com/source/29137  |z Acceso restringido 
942 |c BOOK 
999 0 |a Public and Administrative Law